[Event "POHÁR města Říčany 2023"]
[Site "Městské kulturní středisko U labutě"]
[Date "2023.08.30"]
[Round "6.16"]
[White "Siles, Jan"]
[Black "Rossler, Erik"]
[Result "1-0"]
[WhiteElo "1869"]
[BlackElo "1394"]
[WhiteFideId "23715405"]
[BlackFideId "23719761"]
[PlyCount "0"]
[EventDate "2023.08.26"]

1. d4 Nf6 2. Nf3 g6 3. Nc3 c5 4. d5 d6 5. e4 Bg7 6. Bg5 O-O 7. Qd2 a6 8. a4 Qa5
9. Ra2 Bg4 10. Be2 Nbd7 11. O-O Rab8 12. Bh6 Qb4 13. Bxg7 Kxg7 14. h3 Bxf3
15. gxf3 Qa5 16. Qe3 Qc7 17. Raa1 Qc8 18. f4 Qc7 19. Rfe1 Rbe8 20. Bg4 h5
21. Bxd7 Nxd7 22. e5 e6 23. exd6 Qxd6 24. Ne4 Qxd5 25. Rad1 Qc6 26. Rd6 Qc7
27. Qc3+ f6 28. Red1 Nb6 29. Rxb6 Qxb6 30. Rd7+ Kh6 31. Nxf6 Rh8 32. Ng4+ hxg4
33. Qg7+ 1-0

[Event "POHÁR města Říčany 2023"]
[Site "Městské kulturní středisko U labutě"]
[Date "2023.08.30"]
[Round "6.17"]
[White "Mydlar, Matej"]
[Black "Pisar, Tomas"]
[Result "0-1"]
[WhiteElo "1668"]
[BlackElo "1861"]
[WhiteFideId "23735074"]
[BlackFideId "23701501"]
[PlyCount "0"]
[EventDate "2023.08.26"]

1. e4 e5 2. Nf3 Nc6 3. Bb5 a6 4. Ba4 Nf6 5. O-O b5 6. Bb3 Bb7 7. Re1 Bc5 8. c3
d6 9. d4 Bb6 10. h3 O-O 11. Bc2 exd4 12. cxd4 Nb4 13. Nbd2 Nxc2 14. Qxc2 Re8
15. b3 d5 16. e5 Ne4 17. Bb2 f6 18. Rad1 fxe5 19. Nxe4 dxe4 20. Nxe5 Qd5 21. Ng4
Rad8 22. Re3 h5 23. Nh2 c5 24. Rg3 cxd4 25. Qc1 Rd7 26. Nf1 Qc6 27. Kh1 Rf8
28. Rd2 Bc7 29. Bxd4 Bxg3 30. Nxg3 e3 31. Bxe3 0-1

[Event "POHÁR města Říčany 2023"]
[Site "Městské kulturní středisko U labutě"]
[Date "2023.08.30"]
[Round "6.18"]
[White "Maslo, Ondrej"]
[Black "Migalko, Dmitriy"]
[Result "1/2-1/2"]
[WhiteElo "1848"]
[BlackElo "1670"]
[WhiteFideId "368440"]
[BlackFideId "34147489"]
[PlyCount "0"]
[EventDate "2023.08.26"]

1. e4 c5 2. c3 d5 3. exd5 Qxd5 4. d4 Nf6 5. Nf3 Nc6 6. Be3 cxd4 7. cxd4 e6
8. Be2 Be7 9. O-O O-O 10. Nc3 Qa5 11. Qb3 Qb4 12. Qxb4 Nxb4 13. Rac1 Nbd5
14. Bg5 Nxc3 15. Rxc3 h6 16. Bh4 g5 17. Bg3 Ne4 18. Re3 Nxg3 19. hxg3 Rd8
20. Rd1 Kg7 21. Ne5 Bd7 22. Bh5 Be8 23. d5 Bf6 24. dxe6 Rxd1+ 25. Bxd1 fxe6
26. Bb3 Bxe5 27. Rxe5 Bd7 28. f4 1/2-1/2

[Event "POHÁR města Říčany 2023"]
[Site "Městské kulturní středisko U labutě"]
[Date "2023.08.30"]
[Round "6.19"]
[White "Meca, Viktor ml."]
[Black "Rousek, Jan"]
[Result "0-1"]
[WhiteElo "1421"]
[BlackElo "2028"]
[WhiteFideId "23739800"]
[BlackFideId "386669"]
[PlyCount "0"]
[EventDate "2023.08.26"]

1. e4 c5 2. c3 d5 3. exd5 Qxd5 4. d4 Nf6 5. Nf3 e6 6. Na3 Nc6 7. Nb5 Qd8 8. Bf4
Nd5 9. Bg3 a6 10. Na3 cxd4 11. cxd4 Qa5+ 12. Nd2 Bxa3 13. bxa3 Nxd4 14. Bc4 O-O
15. O-O Nf5 16. Ne4 Nxg3 17. Nxg3 Qxa3 18. Bxd5 exd5 19. Qxd5 Rb8 20. Rfe1 Be6
21. Qg5 h6 22. Qe5 Qe7 23. f4 Qf6 24. Qxf6 gxf6 25. f5 Bc4 26. Re4 Bd3 27. Rg4+
Kh8 28. Rh4 Kh7 29. Rd1 Rfd8 30. Rd2 Rbc8 31. Nh5 Bxf5 32. Nxf6+ Kg6 33. Nd5 Be6
34. Nf4+ Kh7 35. Rxd8 Rxd8 36. Nxe6 fxe6 37. Rb4 Rd7 38. Rb2 b5 39. Kf2 Kg6
40. Ke3 Kf5 41. Rf2+ Ke5 42. Rc2 Kd5 43. Rd2+ Kc6 44. Rc2+ Kb6 45. g4 a5 46. h4
b4 47. g5 hxg5 48. hxg5 a4 49. Rb2 Kb5 50. Ke4 Rg7 51. Ke5 Rxg5+ 52. Kxe6 Kc4
53. Rc2+ Kd3 54. Rh2 Kc3 55. Rh3+ Kb2 56. Rh4 Rg3 57. Rh2+ Ka3 58. Kd5 b3
59. axb3 axb3 0-1

[Event "POHÁR města Říčany 2023"]
[Site "Městské kulturní středisko U labutě"]
[Date "2023.08.30"]
[Round "6.20"]
[White "Pecka, Jan"]
[Black "Zemen, Pavel"]
[Result "1/2-1/2"]
[WhiteElo "2004"]
[BlackElo "1785"]
[WhiteFideId "23712520"]
[BlackFideId "387410"]
[PlyCount "0"]
[EventDate "2023.08.26"]

1. d4 Nf6 2. c4 g6 3. Nc3 Bg7 4. e4 d6 5. f3 Nbd7 6. Be3 e5 7. d5 O-O 8. Qd2
Ne8 9. g4 f5 10. gxf5 gxf5 11. O-O-O Ndf6 12. Bd3 fxe4 13. Nxe4 Nxe4 14. Bxe4
Nf6 15. Ne2 Nxe4 16. fxe4 Bg4 17. Rhg1 Bxe2 18. Qxe2 Kh8 1/2-1/2

[Event "POHÁR města Říčany 2023"]
[Site "Městské kulturní středisko U labutě"]
[Date "2023.08.30"]
[Round "6.21"]
[White "Hosova, Sandra"]
[Black "Sedlak, Milan"]
[Result "0-1"]
[WhiteElo "1898"]
[BlackElo "1785"]
[WhiteFideId "397717"]
[BlackFideId "23746149"]
[PlyCount "0"]
[EventDate "2023.08.26"]

1. e4 d6 2. d4 Nf6 3. Nc3 c6 4. f3 Nbd7 5. Be3 e5 6. Qd2 Be7 7. g4 b5 8. Nh3 a6
9. Nf2 Qc7 10. Ne2 Nb6 11. b3 Bb7 12. Ng3 g6 13. g5 Nfd7 14. h4 Rf8 15. h5 d5
16. Ne2 exd4 17. Bxd4 c5 18. Be3 Ne5 19. Bg2 O-O-O 20. f4 dxe4 21. Qc3 Nf3+
22. Bxf3 exf3 23. Ng3 Nd5 24. Qd2 Bd6 25. Nge4 Rfe8 26. O-O-O Bxf4 27. Bxf4 Nxf4
28. Nd6+ Rxd6 29. Qxd6 Qxd6 30. Rxd6 Nxh5 31. Rhd1 Re2 32. Nd3 Be4 33. Rxa6 f2
34. Ra7 Ng3 35. Rxf7 Bf5 36. Nxf2 Rxc2+ 37. Kb1 Rxf2+ 38. Ka1 Rf1 39. Rxf1 Nxf1
40. Rxh7 Ng3 41. Kb2 Ne4 42. a4 b4 43. a5 Nxg5 44. Re7 Ne6 45. a6 Kb8 46. Kc1
Nd4 47. Kb2 Be6 48. Rg7 Bxb3 49. Rxg6 Bc4 50. Rg5 Ne6 51. Re5 Ka7 52. Re4 Bd5
53. Re5 Nc7 54. Re7 Kb6 55. Rd7 Bc6 56. Rd6 Nxa6 57. Rd1 Kb5 58. Re1 c4 59. Re5+
Nc5 60. Rg5 c3+ 61. Kc1 Kc4 62. Rh5 b3 63. Rh4+ Be4 64. Rh2 c2 65. Re2 0-1

[Event "POHÁR města Říčany 2023"]
[Site "Městské kulturní středisko U labutě"]
[Date "2023.08.30"]
[Round "6.22"]
[White "Svadlenka, Michal"]
[Black "Topencik, Bruno"]
[Result "1/2-1/2"]
[WhiteElo "1556"]
[BlackElo "1897"]
[WhiteFideId "23717068"]
[BlackFideId "23716550"]
[PlyCount "0"]
[EventDate "2023.08.26"]

1. e4 c6 2. d4 d5 3. Nc3 dxe4 4. Nxe4 Nf6 5. Nxf6+ exf6 6. Nf3 Bd6 7. Bd3 O-O
8. O-O Bg4 9. h3 Bh5 10. c3 Nd7 11. Be4 Re8 12. Qd3 Bg6 13. Bxg6 hxg6 14. Qc2
Nf8 15. Bd2 Qd7 16. Rfe1 g5 17. Rad1 g4 18. hxg4 Qxg4 19. Re3 Rxe3 20. Bxe3 Ng6
21. Ne1 Re8 22. Qc1 Nh4 23. Rd3 f5 24. Qd1 Qg6 25. Kf1 f4 26. Bc1 f3 27. g3 Qg4
28. Re3 Rxe3 29. Bxe3 Qh3+ 30. Kg1 Kh8 31. Qd3 Kg8 32. Qf1 Qxf1+ 33. Kxf1 Nf5
34. Bd2 Ne7 35. Nxf3 c5 36. Be3 Nf5 37. Bd2 cxd4 38. Nxd4 Nxd4 39. cxd4 Kf8
40. Ke2 Ke7 41. Kd3 Kd7 42. Kc4 Kc6 43. d5+ Kd7 44. b4 Be5 45. Bc3 b5+ 46. Kd3
Kd6 47. Bd4 a6 48. f4 Bxd4 49. Kxd4 f5 50. a4 bxa4 51. Kc4 g6 52. Kd4 a3 53. Kc3
Kxd5 54. Kb3 a2 55. Kxa2 Kc6 56. Kb3 Kb5 57. Kc3 Kb6 58. Kb3 Kb5 59. Kc3 1/2-1/2

﻿

[Event "POHÁR města Říčany 2023"]
[Site "Městské kulturní středisko U labutě"]
[Date "2023.08.30"]
[Round "6.23"]
[White "Skala, Jaromir"]
[Black "Pogorelskiy, Boris"]
[Result "1/2-1/2"]
[WhiteFideId "325805"]
[BlackFideId "34365478"]
[WhiteElo "1895"]
[BlackElo "1445"]
[PlyCount "0"]
[EventDate "2023.08.26"]

1. d4 d5 2. Nf3 Nf6 3. g3 Bf5 4. Bg2 e6 5. O-O h6 6. c4 c6 7. b3 Bd6 8. a4 a5 9.
Ba3 Bxa3 10. Nxa3 O-O 11. Qc1 Na6 12. Nc2 Bxc2 13. Qxc2 Nb4 14. Qb2 Qe7 15. Ne5
Nd7 16. Nxd7 Qxd7 17. e4 Rad8 18. cxd5 exd5 19. e5 Qe6 20. f4 Qf5 21. Rad1 Qc2
22. Qxc2 Nxc2 23. Rf3 Rfe8 24. Rc3 Nb4 25. Bh3 1/2-1/2

[Event "POHÁR města Říčany 2023"]
[Site "Městské kulturní středisko U labutě"]
[Date "2023.08.30"]
[Round "6.24"]
[White "Voracek, Zdenek"]
[Black "Langmaier, Michal"]
[Result "0-1"]
[WhiteElo "1882"]
[BlackElo "1662"]
[WhiteFideId "331880"]
[BlackFideId "23727705"]
[PlyCount "0"]
[EventDate "2023.08.26"]

1. d4 d5 2. c4 e6 3. Nf3 Nf6 4. Nc3 Be7 5. e3 O-O 6. b3 b6 7. Bd3 Bb7 8. O-O
Nbd7 9. a3 c5 10. Ra2 Rc8 11. Ne5 cxd4 12. exd4 Nxe5 13. dxe5 Nd7 14. Re1 Nc5
15. Rd2 Bg5 16. f4 Bxf4 17. Bxh7+ Kxh7 18. Qh5+ Kg8 19. Rd4 Qg5 20. Qxg5 Bxg5
21. Bxg5 Nxb3 22. Rg4 Rxc4 23. Ne4 Rxe4 24. Rexe4 dxe4 25. Bf6 Rc8 26. Rxg7+ Kf8
27. Rg3 Nc5 28. h4 Nd3 29. h5 Rc1+ 30. Kh2 Nf2 31. Rg7 Rh1+ 32. Kg3 e3 33. Rh7
Ke8 34. Bg5 e2 35. Rh8+ Kd7 36. Rd8+ Kc7 0-1

[Event "POHÁR města Říčany 2023"]
[Site "Městské kulturní středisko U labutě"]
[Date "2023.08.30"]
[Round "6.26"]
[White "Pavlicek, Petr"]
[Black "Kovar, Jan"]
[Result "1/2-1/2"]
[WhiteElo "1688"]
[BlackElo "1810"]
[WhiteFideId "325163"]
[BlackFideId "354015"]
[PlyCount "0"]
[EventDate "2023.08.26"]

1. d4 d5 2. c4 e6 3. Nf3 Nf6 4. g3 dxc4 5. Bg2 c5 6. Qa4+ Nbd7 7. O-O a6
8. Qxc4 b5 9. Qc2 Bb7 10. Nc3 Rc8 11. dxc5 Bxc5 12. Qd3 O-O 13. Be3 Qb6 14. Bxc5
Nxc5 15. Qe3 Ncd7 16. Qxb6 Nxb6 17. Rfc1 Rc7 18. Nd1 Rfc8 19. Rxc7 Rxc7 20. Ne3
Kf8 21. Rd1 Ke7 22. Ne5 Bxg2 23. Kxg2 Nfd5 24. Nxd5+ Nxd5 25. Nd3 Rc2 26. Kf1 f6
27. Rc1 Rxc1+ 1/2-1/2

[Event "POHÁR města Říčany 2023"]
[Site "Městské kulturní středisko U labutě"]
[Date "2023.08.30"]
[Round "6.27"]
[White "Koper, Stefan"]
[Black "Petr, Jakub"]
[Result "0-1"]
[WhiteElo "1720"]
[BlackElo "2238"]
[WhiteFideId "306606"]
[BlackFideId "371718"]
[PlyCount "0"]
[EventDate "2023.08.26"]

1. d4 Nf6 2. Nf3 e6 3. g3 d5 4. Bg2 Be7 5. O-O O-O 6. Ne5 c5 7. c3 Nc6 8. Nxc6
bxc6 9. Bg5 Qb6 10. b3 Ba6 11. a3 Rfb8 12. b4 cxb4 13. cxb4 Bc4 14. Bf4 Rb7
15. Nc3 a5 16. Na4 Qb5 17. Nc3 Qa6 18. Qc2 axb4 19. axb4 Qxa1 20. Rxa1 Rxa1+
21. Bf1 Rxb4 22. Kg2 h6 23. f3 Rb3 24. Bc1 Bb4 25. Bb2 Bxc3 26. Bxa1 Bxa1
27. Qa2 Bxd4 28. Qa8+ Kh7 29. Qxc6 Rb2 30. Qc7 Bxe2 31. Bxe2 Rxe2+ 32. Kf1 Rf2+
33. Ke1 Rxf3 34. Qxf7 e5 35. g4 e4 36. h4 Bf2+ 37. Ke2 Bxh4 38. g5 Bxg5 39. Qb7
d4 40. Qc6 d3+ 41. Ke1 d2+ 42. Ke2 Rd3 43. Kd1 Rh3 0-1

[Event "POHÁR města Říčany 2023"]
[Site "Městské kulturní středisko U labutě"]
[Date "2023.08.30"]
[Round "6.28"]
[White "Salac, Jiri"]
[Black "Horyna, Josef"]
[Result "1/2-1/2"]
[WhiteElo "1885"]
[BlackElo "1689"]
[WhiteFideId "303992"]
[BlackFideId "316369"]
[PlyCount "0"]
[EventDate "2023.08.26"]

1. d4 d5 2. Bf4 Nf6 3. e3 c6 4. c3 Bf5 5. Qb3 Qb6 6. Nd2 Nbd7 7. h3 h6 8. Ngf3
e6 9. Be2 Be7 10. O-O Qxb3 11. axb3 O-O 12. b4 a6 13. Nb3 Ne4 14. Na5 Ra7
15. Ne5 Nxe5 16. Bxe5 Nd6 17. Bxd6 Bxd6 18. Nb3 Raa8 19. Nc5 Bxc5 20. bxc5 g5
21. b4 f6 22. f4 Bg6 23. g4 Be4 24. Kh2 Kg7 25. Kg3 Rf7 26. b5 cxb5 27. Bxb5 Rc8
28. Be2 Rcc7 29. Rf2 Rc6 30. Bf1 Rcc7 31. Rb2 Rfe7 32. Ra3 Re8 33. Rab3 Ree7
34. Rb6 Kf7 35. Be2 Kg7 36. Bf3 Bxf3 37. Kxf3 gxf4 38. Kxf4 Kg6 39. e4 dxe4
40. Kxe4 h5 41. Kf4 hxg4 42. hxg4 e5+ 43. Kf3 exd4 44. cxd4 Rcd7 45. R2b4 Kg5
46. Rd6 f5 47. Rxd7 fxg4+ 1/2-1/2

[Event "POHÁR města Říčany 2023"]
[Site "Městské kulturní středisko U labutě"]
[Date "2023.08.30"]
[Round "6.29"]
[White "Dudarec, Elias"]
[Black "Svetly, Jiri"]
[Result "1-0"]
[WhiteElo "1380"]
[BlackElo "1850"]
[WhiteFideId "23714930"]
[BlackFideId "316032"]
[PlyCount "0"]
[EventDate "2023.08.26"]

1. e4 d6 2. d4 Nf6 3. Nc3 g6 4. Be3 Bg7 5. f3 O-O 6. Qd2 c6 7. Bd3 e5 8. dxe5
dxe5 9. Nge2 b5 10. O-O Nbd7 11. Ng3 a5 12. Kh1 Nb6 13. Bc5 Re8 14. b3 Nfd7
15. Be3 b4 16. Nd1 Qe7 17. Qf2 c5 18. Nb2 a4 19. Qe2 Bb7 20. Rfd1 a3 21. Nc4 Nc8
22. Rd2 Nf8 23. Qf2 Ne6 24. Rf1 Nd4 25. Ne2 g5 26. c3 bxc3 27. Nxc3 Bc6 28. Nb1
h6 29. Nbxa3 Qc7 30. Nb1 Ne7 31. Nc3 Ng6 32. g3 Rf8 33. Rb2 Rad8 34. Rd1 f5
35. Qg2 Ne7 36. Bxd4 exd4 37. Nb1 Rf7 38. Re2 fxe4 39. Bxe4 Nd5 40. Rde1 Rdf8
41. Bxd5 Bxd5 42. Nbd2 g4 43. Qf2 gxf3 44. Re8 d3 45. Rxf8+ Rxf8 46. Kg1 Bd4
47. Ne3 Qa5 48. Ndf1 Qa6 49. h4 c4 50. bxc4 Bxc4 51. Kh2 Bxa2 52. Qd2 Bb3 1-0

[Event "POHÁR města Říčany 2023"]
[Site "Městské kulturní středisko U labutě"]
[Date "2023.08.30"]
[Round "6.30"]
[White "Blazek, Miroslav"]
[Black "Stork, Rostislav"]
[Result "1-0"]
[WhiteElo "1849"]
[BlackElo "1723"]
[WhiteFideId "335215"]
[BlackFideId "354988"]
[PlyCount "0"]
[EventDate "2023.08.26"]

1. c4 d5 2. cxd5 Qxd5 3. Nc3 Qa5 4. d4 c6 5. g3 Nf6 6. Bg2 e5 7. dxe5 Ng4
8. Nf3 Nxe5 9. Nxe5 Qxe5 10. O-O Be7 11. Bf4 Qh5 12. Bd6 Bh3 13. Bxe7 Kxe7
14. Bxh3 Qxh3 15. Qd4 Qh6 16. Qb4+ 1-0

[Event "POHÁR města Říčany 2023"]
[Site "Městské kulturní středisko U labutě"]
[Date "2023.08.30"]
[Round "6.31"]
[White "Jirousek, Tadeas"]
[Black "Cabela, Filip"]
[Result "0-1"]
[WhiteElo "1791"]
[BlackElo "1631"]
[WhiteFideId "382353"]
[BlackFideId "23753552"]
[PlyCount "0"]
[EventDate "2023.08.26"]

1. d4 Nf6 2. Nf3 e6 3. e3 b6 4. Bd3 Bb7 5. O-O Be7 6. b3 O-O 7. Bb2 c5 8. Nbd2
Nc6 9. a3 Rc8 10. Qe1 d6 11. e4 cxd4 12. Nxd4 Ne5 13. f4 Nxd3 14. cxd3 e5
15. Nf5 g6 16. fxe5 dxe5 17. Qg3 Nd7 18. Rf3 f6 19. Nxe7+ Qxe7 20. Nc4 Kh8
21. Raf1 Nc5 22. Nxe5 Kg7 23. Ng4 Nd7 24. Qh4 Rc6 25. Qh6+ Kg8 26. h4 f5 27. Ne3
Ne5 28. Bxe5 Qxe5 29. exf5 gxf5 30. Qxf8+ Kxf8 31. Rxf5+ Qxf5 32. Rxf5+ Kg7
33. Nc4 Ba6 34. Ne5 Rc7 35. b4 h6 36. g4 Bc8 37. Rf4 Be6 38. Kf2 Rc3 39. a4 Ra3
40. b5 Bb3 41. Ke3 Rxa4 42. Nc6 Ra3 43. Rd4 Be6 44. Rd6 Bxg4 45. Ne5 Bh3
46. Rg6+ Kh7 47. h5 Rb3 48. Rf6 Rxb5 49. Rf7+ Kg8 50. Rc7 Rxe5+ 0-1

[Event "POHÁR města Říčany 2023"]
[Site "Městské kulturní středisko U labutě"]
[Date "2023.08.30"]
[Round "6.32"]
[White "Petrun, Milan"]
[Black "Kubicek, Daniel"]
[Result "1-0"]
[WhiteElo "1784"]
[BlackElo "1561"]
[WhiteFideId "332267"]
[BlackFideId "23718838"]
[PlyCount "0"]
[EventDate "2023.08.26"]

1. e4 e5 2. Nf3 Nc6 3. Bc4 Nf6 4. d3 Bc5 5. O-O d6 6. h3 Be6 7. Bb3 Qd7 8. Nc3
h6 9. Na4 g5 10. Bxe6 Qxe6 11. Nxc5 dxc5 12. Nh2 O-O-O 13. Be3 c4 14. Qe2 cxd3
15. cxd3 Rd7 16. Rfd1 Rhd8 17. a3 Qb3 18. Qf3 Ng8 19. Ng4 Kb8 20. Qf5 f6 21. Qg6
Qxb2 22. Rab1 Qxa3 23. Nxh6 Nxh6 24. Qxh6 Qf8 25. Qh5 Rxd3 26. Rdc1 R3d7
27. Rxc6 b6 28. Qe2 Kb7 29. Rcc1 Rc8 30. Ra1 c5 31. Qc4 Qd6 32. Rd1 Qxd1+
33. Rxd1 Rxd1+ 34. Kh2 Rd6 35. g3 a6 36. h4 b5 37. Qc1 gxh4 38. gxh4 c4 39. h5
Rc7 40. h6 a5 41. Kg2 b4 42. Qc2 Ka6 43. h7 Rd8 44. f4 Rh8 45. fxe5 fxe5 46. Qd1
Rhxh7 47. Qd6+ Kb5 48. Qxe5+ Ka4 49. Qa1+ Kb3 50. Qd1+ Kc3 51. Bd4# 1-0

[Event "POHÁR města Říčany 2023"]
[Site "Městské kulturní středisko U labutě"]
[Date "2023.08.30"]
[Round "6.33"]
[White "Sedmihradsky, Tomas"]
[Black "Osipyan, David"]
[Result "0-1"]
[WhiteElo "1768"]
[BlackElo "1555"]
[WhiteFideId "23709936"]
[BlackFideId "23751827"]
[PlyCount "0"]
[EventDate "2023.08.26"]

1. d4 e6 2. c4 f5 3. Nf3 Nf6 4. b3 Bb4+ 5. Bd2 Bxd2+ 6. Nbxd2 b6 7. g3 Bb7
8. Bg2 a6 9. O-O d6 10. Rc1 Nbd7 11. b4 Qe7 12. Qb3 c5 13. Rfd1 Ne4 14. Nh4 Qf7
15. Nxe4 fxe4 16. Bh1 O-O 17. Rf1 cxd4 18. Rcd1 g5 19. Ng2 e5 20. f4 Qg7 21. e3
d3 22. Ne1 Nf6 23. fxe5 dxe5 24. Bg2 Ng4 25. Rxf8+ Rxf8 26. Nxd3 exd3 27. c5+
Kh8 28. Bxb7 Qxb7 29. Qe6 Qf3 0-1

[Event "POHÁR města Říčany 2023"]
[Site "Městské kulturní středisko U labutě"]
[Date "2023.08.30"]
[Round "6.34"]
[White "Stufka, Karel"]
[Black "Moravec, Marek"]
[Result "1-0"]
[WhiteElo "1730"]
[BlackElo "1449"]
[WhiteFideId "303127"]
[BlackFideId "23764155"]
[PlyCount "0"]
[EventDate "2023.08.26"]

1. d4 Nf6 2. Nf3 g6 3. g3 Bg7 4. Bg2 O-O 5. O-O d5 6. b3 Bf5 7. Bb2 Nc6 8. Nh4
Bg4 9. h3 Be6 10. Nd2 Qd7 11. Kh2 Bh6 12. Nhf3 Bf5 13. Ne5 Qe6 14. Nxc6 Qxc6
15. c4 Be6 16. Rc1 Qd7 17. e3 c6 18. Qe2 Bf5 19. Rfd1 Qe6 20. cxd5 cxd5 21. Rc3
Qd7 22. Nf3 Rac8 23. Ne5 Qe6 24. g4 Be4 25. f3 Bf5 26. Rdc1 Rxc3 27. gxf5 Rxe3
28. Qxe3 Bxe3 29. fxe6 Bxc1 30. exf7+ Kg7 31. Bxc1 e6 32. Ba3 Rxf7 33. Nxf7 Kxf7
34. Bd6 Ke8 35. f4 Kd7 36. Be5 Ne8 37. b4 Nc7 38. Bxc7 Kxc7 39. Bf1 a6 40. Kg3
Kd6 41. Kg4 Ke7 42. Kg5 Kf7 43. Kh6 Kf6 44. Bd3 b6 45. h4 1-0

[Event "POHÁR města Říčany 2023"]
[Site "Městské kulturní středisko U labutě"]
[Date "2023.08.30"]
[Round "6.35"]
[White "Havelka, Petr"]
[Black "Cermak, Filip"]
[Result "1-0"]
[WhiteElo "1782"]
[BlackElo "1403"]
[WhiteFideId "323560"]
[BlackFideId "23739096"]
[PlyCount "0"]
[EventDate "2023.08.26"]

1. d4 f5 2. Nf3 Nf6 3. c4 g6 4. Nc3 Bg7 5. g3 O-O 6. Bg2 d6 7. O-O c6 8. Qc2
Qe8 9. e4 fxe4 10. Nxe4 Nxe4 11. Qxe4 Bf5 12. Qe3 e5 13. dxe5 dxe5 14. Qb3 Qc8
15. Ng5 Qc7 16. Rd1 Qb6 17. Qxb6 axb6 18. Ne4 Bxe4 19. Bxe4 Na6 20. Be3 Nc5
21. Bxc5 bxc5 22. Rd7 Rf7 23. Rad1 Raf8 24. f3 Bh6 25. Kf2 Rxd7 26. Rxd7 Rf7
27. Rd1 Kf8 28. h4 Ke8 29. a4 g5 30. Rd6 Bf8 31. Re6+ Kd7 32. Rxe5 gxh4 33. gxh4
Bg7 34. Rf5 Rxf5 35. Bxf5+ Kd6 36. Bxh7 Bxb2 37. f4 Kc7 38. Ke3 Kb6 39. Bc2 Ka5
40. Kd3 Kb4 41. h5 Bg7 42. f5 b6 43. Bd1 Ka3 44. Bf3 1-0

[Event "POHÁR města Říčany 2023"]
[Site "Městské kulturní středisko U labutě"]
[Date "2023.08.30"]
[Round "6.36"]
[White "Cervenka, Petr"]
[Black "Sadil, Pavel"]
[Result "1-0"]
[WhiteElo "1869"]
[BlackElo "1615"]
[WhiteFideId "312444"]
[BlackFideId "23710373"]
[PlyCount "0"]
[EventDate "2023.08.26"]

1. e4 c5 2. Nc3 d6 3. g3 Nf6 4. Bg2 g6 5. d3 Bg7 6. f4 Qc7 7. Nf3 Nc6 8. O-O
O-O 9. Be3 a6 10. Qd2 Ng4 11. Nd5 Qd8 12. c3 e6 13. h3 exd5 14. hxg4 dxe4
15. dxe4 Qe7 16. f5 Re8 17. Bg5 Bf6 18. fxg6 hxg6 19. Bxf6 Qxf6 20. Ng5 Qe5
21. Nxf7 Qg7 22. Nh6+ Kh8 23. Rf7 Qe5 24. Nf5 Kg8 25. Nh6+ Kh8 26. Kf2 Be6
27. Rh1 Rf8 28. Bf3 c4 29. Rxf8+ Rxf8 30. Nf7+ 1-0

[Event "POHÁR města Říčany 2023"]
[Site "Městské kulturní středisko U labutě"]
[Date "2023.08.30"]
[Round "6.37"]
[White "Dudkova, Josefina"]
[Black "Steiner, Juraj"]
[Result "0-1"]
[WhiteElo "1587"]
[BlackElo "1772"]
[WhiteFideId "23712350"]
[BlackFideId "367516"]
[PlyCount "0"]
[EventDate "2023.08.26"]

1. d4 d5 2. Bf4 e6 3. e3 Bd6 4. Nf3 Nf6 5. Bd3 O-O 6. O-O c5 7. c3 Qc7 8. Bxd6
Qxd6 9. dxc5 Qxc5 10. Nbd2 Nc6 11. Qe2 e5 12. e4 Bg4 13. exd5 Qxd5 14. Ne4 Nh5
15. c4 Qd8 16. Rfd1 f5 17. Bc2 Nd4 18. Qe3 Nxc2 19. Rxd8 Nxe3 20. Rxa8 Rxa8
21. fxe3 Bxf3 22. gxf3 fxe4 23. fxe4 Rd8 0-1

[Event "POHÁR města Říčany 2023"]
[Site "Městské kulturní středisko U labutě"]
[Date "2023.08.30"]
[Round "6.38"]
[White "Studzinski, David"]
[Black "Meca, Viktor st."]
[Result "0-1"]
[WhiteElo "1262"]
[BlackElo "1755"]
[WhiteFideId "376027"]
[BlackFideId "23725672"]
[PlyCount "0"]
[EventDate "2023.08.26"]

1. e4 c5 2. Nc3 Nc6 3. f4 d6 4. Nf3 Nf6 5. d4 cxd4 6. Nxd4 Bd7 7. h3 g6 8. Be3
Bg7 9. Bc4 a6 10. a3 Qc7 11. Nd5 Nxd5 12. Bxd5 e6 13. Ba2 O-O 14. Qd2 Nxd4
15. Bxd4 Bxd4 16. Qxd4 Qxc2 17. O-O Bc6 18. Rf2 Qxe4 19. Qxd6 Rad8 20. Qc5 Rd7
21. Qc3 Rfd8 22. Bb3 Qd3 23. Qb4 Qb5 24. Qc4 Rd2 25. Qxb5 Bxb5 26. Rc1 Rxf2
27. Kxf2 Rd2+ 28. Kg3 Rxb2 29. Bd1 Bc6 30. Bf3 Rb3 31. Ra1 Bxf3 32. gxf3 b5
33. Ra2 Kg7 34. Ra1 Kf6 35. Kg4 h5+ 36. Kg3 Ke7 37. h4 Kd7 38. a4 b4 39. a5 Ra3
40. Rb1 b3 41. Rb2 Kc6 0-1

[Event "POHÁR města Říčany 2023"]
[Site "Městské kulturní středisko U labutě"]
[Date "2023.08.30"]
[Round "6.39"]
[White "Ocelak, David"]
[Black "Stufka, Martin"]
[Result "0-1"]
[WhiteElo "1640"]
[BlackElo "1258"]
[WhiteFideId "23728795"]
[BlackFideId "23748800"]
[PlyCount "0"]
[EventDate "2023.08.26"]

1. e4 c6 2. d4 d5 3. e5 Bf5 4. Nf3 e6 5. Be2 c5 6. c3 Nc6 7. O-O Qb6 8. a3 h6
9. Bd3 Bxd3 10. Qxd3 Nge7 11. g4 h5 12. g5 Nf5 13. Rd1 Be7 14. b4 c4 15. Qc2 a5
16. Qb2 h4 17. h3 Kd7 18. b5 Na7 19. a4 f6 20. Kh1 Raf8 21. Qe2 Qd8 22. exf6
gxf6 23. Re1 Qb6 24. Ba3 Nc8 25. Bc5 Qd8 26. Qxe6+ Kc7 27. Qxf5 fxg5 28. Qe5+
Bd6 29. Bxd6+ Nxd6 30. Nxg5 Re8 31. Ne6+ Rxe6 32. Qxe6 Re8 33. Qxe8 Nxe8 34. Nd2
Nd6 35. Re2 Qd7 36. Kh2 Qf5 37. Rg1 Qf4+ 38. Kg2 Qg5+ 39. Kf1 Qf5 40. Rg4 Qd3
41. Rxh4 Qxc3 42. Rh7+ Kb8 43. Rd7 Qxh3+ 0-1

[Event "POHÁR města Říčany 2023"]
[Site "Městské kulturní středisko U labutě"]
[Date "2023.08.30"]
[Round "6.40"]
[White "Tichy, Tomas"]
[Black "Kammova, Katerina"]
[Result "1-0"]
[WhiteElo "1634"]
[BlackElo "1487"]
[WhiteFideId "23715430"]
[BlackFideId "23737336"]
[PlyCount "0"]
[EventDate "2023.08.26"]

1. e4 e5 2. Nf3 Nf6 3. Nxe5 d6 4. Nf3 Nxe4 5. Nc3 Nxc3 6. dxc3 Be7 7. Bc4 O-O
8. Be3 Bf5 9. Qd2 c6 10. Nd4 Bg6 11. f4 d5 12. Be2 Qc8 13. O-O-O Na6 14. g4 Be4
15. Rhg1 b5 16. Nf5 Bxf5 17. gxf5 b4 18. Bd4 f6 19. Qe3 Bd6 20. Bxa6 Qc7
21. Rdf1 Rae8 22. Qf3 Bxf4+ 23. Qxf4 Re1+ 24. Kd2 1-0